| 000 | 00507nam a2200169Ia 4500 | ||
|---|---|---|---|
| 003 | GCL | ||
| 008 | 140319s9999 xx 000 0 ara d | ||
| 040 |
_aGCL / _cGCL |
||
| 082 | 0 | 4 |
_a189.1 _bم ا |
| 100 | 1 | _aمحمد المصباحى | |
| 245 | 1 | 0 |
_aاشكالية العقل عند ابن رشد / _cمحمد المصباحى |
| 260 |
_a[S.N] : _bالمركز الثقافى العربى ، _c1988 |
||
| 300 | _a254 ص | ||
| 490 | _a | ||
| 650 | 0 | 4 | _aالفلسفة الاسلامية |
| 942 |
_2ddc _cBK |
||
| 999 |
_c39339 _d39339 |
||